Podpora na oživenie bytovej výstavby program poskytovania dotácií v rezorte stavebníctva
Vláda schválila tri programy na oživenie bytovej výstavby: Program poskytovania dotácií na výstavbu nájomných bytov, Program poskytovania dotácií na výstavbu technickej vybavenosti a Program poskytovania dotácií na odstraňovanie systémových porúch bytových domov. Náplň jednotlivých programov a výška...
Salvato in:
| Natura: | Capitolo di libro |
|---|---|
| Lingua: | slovacco |
| Soggetti: | |
| Tags: |
Nessun Tag, puoi essere il primo ad aggiungerne!!
|
MARC
| LEADER | 00000naa a2200000 4500 | ||
|---|---|---|---|
| 001 | r039232 | ||
| 005 | 20230824105721.3 | ||
| 041 | 0 | |a slo | |
| 044 | |a SK | ||
| 245 | 1 | 0 | |a Podpora na oživenie bytovej výstavby |b program poskytovania dotácií v rezorte stavebníctva |
| 520 | |a Vláda schválila tri programy na oživenie bytovej výstavby: Program poskytovania dotácií na výstavbu nájomných bytov, Program poskytovania dotácií na výstavbu technickej vybavenosti a Program poskytovania dotácií na odstraňovanie systémových porúch bytových domov. Náplň jednotlivých programov a výška dotácií. | ||
| 610 | 2 | 0 | |a výstavba bytová |
| 610 | 2 | 0 | |a bývanie |
| 610 | 2 | 0 | |a programy vládne |
| 610 | 2 | 0 | |a dotácie štátne |
| 610 | 2 | 0 | |a vybavenosť technická |
| 610 | 2 | 0 | |a opravy |
| 610 | 2 | 0 | |a byty |
| 610 | 2 | 0 | |a Slovensko |
| 610 | 2 | 0 | |a stavebníctvo |